000 00638nam a22002650a 4500
001 PT20492
003 AR-LpoUNG
005 20210131232921.0
008 191001s1997||||ag |||||||||||||||||spa d
040 _aAR-LpoUNG
_bspa
_cAR-LpoUNG
_eaacr
041 _aspa
044 _aag
082 0 _aA861 727bel
100 1 _aVillavella, Marcela
245 1 0 _aBella de siesta
260 _aBuenos Aires :
_bGrupo Cero,
_c1997.
300 _a62 p. :
_btbls.
650 4 _aARGENTINA
650 4 _aLITERATURA
651 4 _aDOCUMENTOS TEORICOS O METODOLOGICOS
653 _aMAES
653 _aPOESIA
905 _a20492
942 _cLIB
999 _c18162
_d18162